| 000 | 00767cab a2200253 4500 | ||
|---|---|---|---|
| 001 | ABS59334 | ||
| 008 | 090401t1998 xxu||||| |||| 00| 0 eng d | ||
| 035 | _a(Sirsi) u88667 | ||
| 041 | _aeng | ||
| 100 | _aRaggett, B. | ||
| 245 | _aAppeals plan needs more work | ||
| 260 | _c1998 | ||
| 350 | _a0 | ||
| 490 |
_aPlanning (for the Natural and Built Environment) _v(1285) 11 September 1998, 8(1) |
||
| 520 | _aAssesses the government`s proposals for reforming the planning appeals process and makes suggestions for improvements. | ||
| 650 | _aCONSULTATION PAPER | ||
| 650 | _aDETR | ||
| 650 | _aPLANNING APPEAL PROCEDURES | ||
| 650 | _aPLANNING APPEALS | ||
| 650 | _aREFORMS | ||
| 690 | _aPLANNING LAW AND PRACTICE | ||
| 942 | _n0 | ||
| 948 | _c25/09/1998 | ||
| 999 |
_c56054 _d56054 |
||